Statistics for Images That Start with 'C'πŸ’πŸŒ½πŸŒ΅πŸš—πŸŽ„πŸ«πŸͺ🍫

Click here to take the quiz!

General Stats

  • This quiz has been taken 115 times
  • The average score is 15 of 20

Answer Stats

Answer% Correct
Carrot
100%
Cow
98%
Coca-Cola
97%
Cheetah
93%
Camel
92%
Compass
92%
Cupcake
91%
Crayons
85%
Caterpillar
84%
Charlie Brown
77%
Chili
75%
Cheeseburger
74%
Catapult
71%
Cheerios
70%
Cheerleaders
70%
Cantaloupe
50%
Chevrolet
50%
Corncob
40%
Cornucopia
37%
Circle
25%

Score Distribution

Percentile by Number Answered

Percent of People with Each Score

Your Score History

You have not taken this quiz